000 00502nam a2200181Ia 4500
008 220216s9999 xx 000 0 und d
100 _aPotty S N
245 0 _aEffect of mulching rubber nurseries with different mulching materials on the growth of seedlings
260 _bRubber Board Bulletin
_c1968
300 _a83-90
650 _aMulching
650 _aRubber planting
650 _aRubber seedling
700 _aAbdulkalam M
700 _aAnanth K C
700 _aMathew M
942 _cJS
999 _c57976
_d57976